Регионална библиотека "Любен Каравелов" - Русе

The European Union's Eastern Enlargement Policy (Запис номер 71555)

MARC детайли
000 -Лидер
Контролно поле с фиксирана дължина 01532nam a2200409 c 4500
003 - Код на организацията, давaща контролен номер
Контролно поле BLK
005 - Дата и час на последна редакция
Контролно поле 20250127102512.0
008 - Елементи от данни с фиксирана дължина
fixed length control field 180408b bul|||||r ||||||| ||bul||
010 ## - Наследен системен номер
LC control number KNG00075925000
020 ## - Международен стандартен номер на книга ISBN
Международен стандартен номер на книга ISBN 954-362-011-3
-- издат.: Мултипринт
040 ## - Източник на каталожния запис
Идентификатор на билиотеката - собственик на записа BLK
041 ## - Код за език
Код за езика на текст/звукозапис или на отделно заглавие Английски
Код за езика КДБФ Английски
072 #7 - Код за тематичната категория
Код организация bullib
Код за тематична категория Е
Текст Картотека "Европейски съюз"
080 ## - УДК
Текстов определител УДК Европейски съюз - политически аспекти
УДК код - определител по УДК 327.7:061.1ЕС
УДК определител
УДК - код + определител 327.7:061.1ЕС
080 ## - УДК
Текстов определител УДК Европейски съюз (икон. аспекти)
УДК код - определител по УДК 339.923:061.1ЕС
УДК определител
УДК - код + определител 339.923:061.1ЕС
080 ## - УДК
Текстов определител УДК Политика. Вж и 341 ; 342
УДК код - определител по УДК 32
УДК определител (497.2)
УДК - код + определител 32(497.2)
100 1# - Редна дума - Автор
Автор Zileva, Elena
Авторска отговорност първи автор
R(LIN) 295476
139 ## - Редно поле
Редна дума Zileva, Elena
Авторски знак Zil - Z 67
245 10 - Сведения за заглавието
Заглавие The European Union's Eastern Enlargement Policy
Подзаглавни данни Between Solidarity and Self-Interest
Редно поле (дума) Elena Zileva.
257 ## - Страна на издаване
Страна на създаване/издаване България
260 ## - Област на издателските данни
-- Sofia
Име на издателя, разпространителя и проч. Мултипринт
Година на издаване 2006
300 ## - Физическа характеристика
Страници 163 p.
Илюстрации и др. tabl.
Размери/Мащаб 21 cm
380 ## - Жанр
Жанр Обществени науки
500 ## - Общи забележки
Забележка Прев. от ръкор. - Библиогр. с. 145-162.
504 ## - Забележка за наличие на библиография и др
Забележка за наличие на библиография и под. 145-162
650 #4 - Допълнително описание по предмет – тема
Основно описание – тема или топоним Европейски съюз
9 (RLIN) 258188
650 #0 - Допълнително описание по предмет – тема
Основно описание – тема или топоним България - политика
9 (RLIN) 243743
653 ## - Ключова дума – ненормативна
Ключова дума Европейски съюз
653 ## - Ключова дума – ненормативна
Ключова дума България
659 ## - Тематичен бюлетин
Тематичен бюлетин Е
852 ## - Местоположение
Форматна сигнатура Цб 234527
856 4# - Електронен адрес и достъп
Електронен формат pdf - файл
Път до файла /url/
856 4# - Електронен адрес и достъп
Електронен формат pdf - файл
Път до файла /url/
942 ## - АРТИКУЛИ
Вид на библиотечния материал Книги
Скрит в OPAC Не
944 ## - СЪЗДАВАНЕ И РЕДАКЦИЯ на ЗАПИСА
Създаване/Редакция Създаване
Дата на регистрацията/редакция 21.06.2007
Служител, извършил регистрацията/редакцията 30560
Статус, дата на статуса Геновева Генчева
944 ## - СЪЗДАВАНЕ И РЕДАКЦИЯ на ЗАПИСА
Създаване/Редакция Редакция
Дата на регистрацията/редакция 05.07.2007
Служител, извършил регистрацията/редакцията
999 ## - СИСТЕМНИ КОНТРОЛНИ НОМЕРА
Koha biblionumber 71555
Koha biblioitemnumber 71555
Наличности
Код за отписване Код за изгубен артикул Код за повреда Коз за рестрикции Код за отдаване Артикулен № Име на библиотеката - собственик Име на библиотеката, в която се намира в момента Статус (Текущо местоположение) Дата на вписване в системата Местоположение - отдел Цена в лева Инвентарен номер Систематично азбучна сигнатура Баркод Номер на екземпляра Цена в евро Служебна бележка Служебен тип на артикула
  Не е изгубен Не е повреден без рестрикции ползва се в читалня 116790 Регионална библиотека "Любен Каравелов" Русе Регионална библиотека "Любен Каравелов" Русе Хранилище 2007-06-21 Хранилище 0.00 120000714801 Цб 234527 120000714801 1 0.00 Дост: Dp Вид: Д N: 4 Дата: 13.12.2006 Книги
Vip Innovations Ltd, Rousse, Bulgaria 2025